| 000 | 00776nam a2200205 a 4500 | ||
|---|---|---|---|
| 003 | 0 | ||
| 005 | 20250305155427.0 | ||
| 008 | 090707s19uu xx 00 eng d | ||
| 050 |
_aPGS LB 1027.5 _b.R233 2009 |
||
| 100 | _aRaterta, Lucille Jean J. | ||
| 245 |
_aLearning motivation of students with and without tutors / _cLucille Jean J. Raterta. |
||
| 260 |
_aLas PiƱas City, Philippines : _bSouthville International School and Colleges, _c2009. |
||
| 300 |
_a29 pages : _billustrations ; _c28 cm. |
||
| 504 | _aIncludes bibliographical references. | ||
| 650 | _aMotivation in education. | ||
| 650 |
_aTutoring _vEffect on student learning. |
||
| 650 |
_aIndividualized instruction _vPsychological aspects. |
||
| 650 |
_aStudents _vMotivation. |
||
| 942 |
_2lcc _cPASS |
||
| 999 |
_c98201 _d98201 |
||